« Retourner aux résultats de recherche
Sourire du lièvre (Le)
| Auteur principal: | Daniel Cario |
|---|---|
| Support: | Livres |
| Langue: | Francais |
| Series: |
Le Sourire du lièvre |
| Genre: |
Roman (gros caractères) |
| Sujets: | |
| Étiquettes: |
Ajouter
Pas de Tags !
|
| LEADER | 00995nam0a2200193 450 | ||
|---|---|---|---|
| 001 | 16847718 | ||
| 010 | |a 979-10-269-0497-7 |b br. |d 42 | ||
| 100 | |a 20210609d2021 u u0frey01 ba | ||
| 101 | 0 | |a fre | |
| 102 | |a FR | ||
| 200 | 0 | |a Sourire du lièvre (Le) |f Daniel Cario | |
| 207 | 1 | |a | |
| 215 | |a 2 vol. (392, 400 p.) |d 24 x 16 cm | ||
| 330 | |a En Bretagne, dans les années 1930, Marie, fille d'Etienne, un vannier, prend l'identité de sa meilleure amie Jeanne, fille adoptive des Lesvêque, une famille bourgeoise, après la mort de celle-ci d'une infection mal soignée. Mais cette substitution imaginée par Etienne et rendue possible grâce aux becs-de-lièvre des deux adolescentes ne reste pas sans conséquences avec le début de la guerre. | ||
| 461 | 0 | |t Le Sourire du lièvre |v 01 | |
| 700 | 0 | |a Cario |b Daniel |4 70 | |
| 900 | |a Roman (gros caractères) | ||
| 901 | |a Accessible au prêt | ||
| 995 | |a Bibliothèque |c Bibliothèque |f 00156009418393 |h 00156009418393 |k R CAR 1 |o p |q a |r az |e Bibliothèque | ||
